00956nam a2200229 a 4500001001000000003000500010005001700015008004100032010001100073011001100084040000900095100003200104245016700136260004100303500006000344502012200404650004800526650002100574650004500595856001600640856007000656000112901CHAP20220329144327.0170208s2016 mx sm |||||||spa d a109362 a110334 cCHAP1 aBruno Eutimio, Delia Ivette10aCaracterización del consumo de leña en la Comunidad de Jalpilla, Axtla de Terrazas, San Luis Potosí, Méxicoh[En línea]cpor Delia Ivette Bruno Eutimio. aChapingo, Méx. :bEl autor,c2016. aPara ver el contenido del material haga clic en la liga aTesis (Ing. en Recursos Naturales Renovables) -- UACH. Departamento de Enseñanza Investigacion y servicio en Suelos14aLeñaxAprovechamientozSan Luis Potosí.14aLeñaxConsumo.14aMadera como combustiblexImpacto social. a1 n0001044 aFinding aiduhttp://10.13.5.2/tesis/sist112901.pdfzTeclea aquí